"Fawlty Towers" Quiz - Statistics

General Stats
  • This quiz has been taken 83 times
    82 since last reset
  • The average score is 13 of 19
Answer Stats
Hint Answer % Correct
The neurotic poor sod who owns the hotel Basil Fawlty
98%
Often-clueless waiter who originates from Spain Manuel
88%
"Don't mention the war!" to tourists visiting from this country Germany
85%
The actor who portrayed the above, of Monty Python fame John Cleese
85%
The city that the waiter boasts he's from Barcelona
83%
Dependable employee who served as maid, waitress, etc. Polly Sherman
83%
The British seaside resort town the show is set in Torquay
82%
Senile, long-term resident with a very faulty memory Major Gowen
78%
The waiter's "pet hamster" is actually this creature that threatened the hotel with closure Rat
75%
Mr Fawlty suffered a concussion as a result from a blow from this stuffed animal's head Moose
72%
The war Mr Fawlty claims to have fought in Korean War
66%
An uptight American guest demanded this type of salad be served to him Waldorf salad
63%
The inept Irish builder he often hires to his wife's chagrin (and ire) Mr O'Reilly
62%
And what happens if you don't like duck? You're rather ______! Stuck
54%
Name of the chef whose cooking skills leave much to be desired Terry Hughes
51%
His wife, co-owner and "little nest of vipers" Sibyl Fawlty
48%
Kindly old lady resident #2 Miss Tibbs
40%
Mr Fawlty's drunk chef spoiled this special night where fine cuisine was to be served Gourmet Night
28%
Kindly old lady resident #1 Miss Gatsby
26%
No matching quizzes found
Score Distribution
Percent of People with Each Score
Percentile by Number Answered
Your Score History
You have not taken this quiz since the last reset